000 01497nam a22003737a 4500
003 CHAP
005 20220329143403.0
008 090212s2008 mx a r 00010 spa d
010 _a95843
011 _a96815
035 _a107472
040 _cCHAP
090 _aTesis
100 1 _aSánchez Hernández, Catalino.
_9107593
245 1 0 _aEstudio de factibilidad técnico - económico para la instalación de una planta deshidratadora de mango (Mangifera indica L.) en el municipio de Chahuites, Oaxaca
_c/por Catalino Sánchez Hernández
260 _aChapingo, Méx. :
_bEl autor,
_c2008
300 _axv, 111 h. :
_bilus., cuadros, diagramas, gráfs.
502 _aTesis (Ing. Agroindustrial) -- UACH. Departamento de Ingeniería Agroindustrial
590 _aALEPH
_b10
_c20130110
_lUCH01
_h1527
590 _aBATCH-UPD
_b10
_c20130110
_lUCH01
_h0553
590 _aBATCH-UPD
_b10
_c20130110
_lUCH01
_h2333
590 _aBATCH-UPD
_b10
_c20130410
_lUCH01
_h0234
590 _aBATCH-UPD
_b10
_c20130914
_lUCH01
_h1329
590 _aCONVERSION
_b10
_c20130109
_lUCH01
_h1353
650 1 4 _aEstudios de factibilidad.
_938520
650 1 4 _aMango
_xDeshidratación.
_970406
650 1 4 _aMango
_zOaxaca.
_970461
650 1 4 _aPlantas deshidratadoras.
_988937
650 1 4 _aProyectos
_xEvaluación.
_992525
901 _aBK
942 _cFOLL
949 _aTesis
_bBC
_cTES
_d33724002085842
_eTS1
_gDonaciØn
_h48859
_i107472
_sb
949 _aTesis
_bBC
_cTES
_d33724002085884
_eTS2
_fc.2
_gDonaciØn
_h48860
_i107472
_sb
999 _c95843
_d95843